000
00280nam a2200121Ia 4500
008
190216s9999||||xx |||||||||||||| ||und||
100
_a
Vittal Rao S
245
0
_a
Hybrid Maize
260
_b
Indian Council Og Agri Research
_c
1971
300
_a
50p
650
_a
Botany
942
_c
BK
999
_c
1233
_d
1233